Tilastot visalle Nigeria-visa

Klikkaa tästä pelataksesi tätä visaa!

Yleistilastot

  • Tätä visaa on pelattu 217 kertaa
  • Keskiarvotulos 10 / 18

Vastaustilastot

VihjeVastaus% Oikein
NaapurimaaNiger
98%
NaapurimaaBenin
83%
Virallinen kieliEnglanti
82%
NaapurimaaKamerun
81%
PääkaupunkiAbuja
75%
Väkirikkain kaupunkiLagos
75%
NaapurimaaTšad
75%
Lempinimi Nigerian elokuvateollisuudelle{Nolly}wood
66%
Kaksi kolmasosaa valtion tuloista tulee
tästä teollisuudesta
Öljy
65%
Nigeria sijaitsee tällä merenlahdella{Guinean}lahti
63%
Terroristiryhmä, jonka nimi tarkoittaa
"Länsimaalainen koulutus on kiellettyä"
{Boko} Haram
51%
Nigeria on tämän syötävän mukulan
suurin tuottajavaltio
Jamssi
38%
Toiseksi väkirikkain kaupunkiKano
36%
Suurimmat etniset ryhmätJoruba
34%
Suurimmat etniset ryhmätHausa
32%
Suurimmat etniset ryhmätIgbo
32%
Nigerian miesten jalkapallomaajoukkueen lempinimi
(1996 olympialaisten kultamitalisteja)
Super{kotkat}
32%
Musiikkityyli, joka tuli tunnetuksi Fela Kutin myötäAfro{beat}
31%

Tulosjakauma

Persentiili vastausten määrän mukaan

Jokaisen tuloksen saaneiden osuus

Tuloshistoriasi

Et ole pelannut tätä visaa